[Event "Oberliga Wuerttemberg 0708"]
[White "Mijatovic, Vladimir"]
[Black "Weiss, Andreas"]
[Site "Wuerttemberg"]
[Round "7.4"]
[Result "1/2-1/2"]
[Date "2008.03.09"]
[WhiteElo "2244"]
[BlackElo "2252"]
[PlyCount "107"]
[EventDate "2007.10.07"]
[EventType "team-tourn"]
[EventRounds "9"]
[EventCountry "GER"]
[SourceTitle "EXT 2018"]
[Source "ChessBase"]
[SourceDate "2017.10.13"]
[SourceVersion "1"]
[SourceVersionDate "2017.10.13"]
[SourceQuality "1"]
[WhiteTeam "Wolfbusch"]
[BlackTeam "Schwaebisch Gmuend"]
[WhiteTeamCountry "GER"]
[BlackTeamCountry "GER"]

1. e4 c5 2. Nf3 e6 3. d4 cxd4 4. Nxd4 a6 5. Nc3 Qc7 6. g3 Nf6 7. Bg2 Bb4 8. Nde2 Be7 9. 0-0 Nc6 10. a4 0-0 11. Kh1 Rb8 12. f4 d6 13. Be3 b5 14. axb5 axb5 15. Nd4 Nxd4 16. Qxd4 e5 17. Qd3 Bd7 18. Ra7 Rb7 19. Rfa1 Rfb8 20. Rxb7 Rxb7 21. b4 Qb8 22. Ra6 Be6 23. Nd5 Bxd5 24. exd5 exf4 25. Bxf4 Ra7 26. Qa3 Rxa6 27. Qxa6 h6 28. h3 Nh5 29. Bf1 Nxf4 30. gxf4 Bh4 31. Qc6 Qa7 32. Bxb5 g6 33. Qe8+ Kg7 34. Qe4 Qf2 35. f5 Bg3 36. Qg2 Qxf5 37. Bd3 Qf4 38. b5 Bf2 39. Qg4 Qc1+ 40. Kg2 Bc5 41. Qe2 Qg5+ 42. Qg4 Qxd5+ 43. Qf3 Qd4 44. Qf1 f5 45. Kh1 Kf6 46. Kg2 Qe3 47. Kh1 Kg5 48. c4 Kh4 49. b6 Bxb6 50. c5 Bxc5 51. Bc2 Bd4 52. Bb1 Be5 53. Bxf5 gxf5 54. Qf2+ 1/2-1/2

[Event "Oberliga Wuerttemberg 0708"]
[White "Mijatovic, Vladimir"]
[Black "Engelhart, Achim"]
[Site "Wuerttemberg"]
[Round "3.4"]
[Result "0-1"]
[Date "2007.11.04"]
[WhiteElo "2244"]
[BlackElo "2186"]
[PlyCount "54"]
[EventDate "2007.10.07"]
[EventType "team-tourn"]
[EventRounds "9"]
[EventCountry "GER"]
[SourceTitle "EXT 2018"]
[Source "ChessBase"]
[SourceDate "2017.10.13"]
[SourceVersion "1"]
[SourceVersionDate "2017.10.13"]
[SourceQuality "1"]
[WhiteTeam "Wolfbusch"]
[BlackTeam "Ulm Post"]
[WhiteTeamCountry "GER"]
[BlackTeamCountry "GER"]

1. e4 e6 2. Nf3 d5 3. Nc3 Nf6 4. e5 Nfd7 5. d4 c5 6. dxc5 Bxc5 7. Bd3 Nc6 8. Bf4 f6 9. exf6 Nxf6 10. 0-0 0-0 11. Ne5 Bd7 12. Qf3 Bd4 13. Rae1 Nxe5 14. Bxe5 Ne4 15. Qg4 Bxe5 16. Nxe4 dxe4 17. Qxe4 Rf5 18. Qxb7 Rh5 19. g3 Bd4 20. Rd1 Rb8 21. Qf3 Rh6 22. Be4 Qb6 23. c3 Rf8 24. Qd3 Bxf2+ 25. Kg2 Bb5 26. c4 Bc6 27. b4 Qb7 0-1

[Event "GER-chT U20"]
[White "Siebarth, Raiko"]
[Black "Mijatovic, Vladimir"]
[Site "Kelbra"]
[Round "3.1"]
[Result "1-0"]
[Date "2006.12.28"]
[WhiteElo "2179"]
[BlackElo "2185"]
[PlyCount "73"]
[EventDate "2006.12.27"]
[EventType "team-swiss"]
[EventRounds "7"]
[EventCountry "GER"]
[SourceTitle "EXT 2008"]
[Source "ChessBase"]
[SourceDate "2007.11.25"]
[SourceVersion "1"]
[SourceVersionDate "2007.11.25"]
[SourceQuality "1"]
[WhiteTeam "Stadtilm Blau Weiss U20"]
[BlackTeam "Wolfbusch U20"]
[WhiteTeamCountry "GER"]
[BlackTeamCountry "GER"]

1. e4 c5 2. Nf3 d6 3. Bb5+ Nd7 4. d4 cxd4 5. Qxd4 e6 6. Nc3 Ngf6 7. 0-0 Be7 8. Bg5 a6 9. Be2 0-0 10. Rfd1 Qc7 11. Nd2 Ne5 12. Na4 Nc6 13. Qb6 Qb8 14. c4 Bd8 15. Qe3 b5 16. Nc3 b4 17. Na4 Bd7 18. b3 Ne5 19. Bxf6 Bxf6 20. Nb6 Ra7 21. Nxd7 Rxd7 22. Rac1 Bd8 23. Qg3 Bb6 24. Kh1 Bc7 25. Nf1 Ng6 26. Qe3 Rfd8 27. Qd2 d5 28. cxd5 exd5 29. exd5 Bf4 30. Ne3 Qe5 31. Qxb4 Bxh2 32. Bg4 f5 33. Bxf5 Rf7 34. Be6 Bf4 35. Qb7 Qh5+ 36. Kg1 Qh2+ 37. Kf1 1-0

[Event "GER-ch U18"]
[White "Mijatovic, Vladimir"]
[Black "Zebisch, Paul"]
[Site "Willingen"]
[Round "5"]
[Result "0-1"]
[Date "2006.06.06"]
[WhiteElo "2213"]
[BlackElo "2039"]
[PlyCount "54"]
[EventDate "2006.06.03"]
[EventType "swiss"]
[EventRounds "9"]
[EventCountry "GER"]
[SourceTitle "EXT 2007"]
[Source "ChessBase"]
[SourceDate "2006.11.23"]
[SourceVersion "1"]
[SourceVersionDate "2006.11.23"]
[SourceQuality "1"]

1. e4 e5 2. Bc4 Nc6 3. d3 Nf6 4. Nc3 Na5 5. Nge2 Nxc4 6. dxc4 c6 7. Qd3 h6 8. 0-0 Be7 9. Qg3 d6 10. Qxg7 Rg8 11. Qxh6 Be6 12. b3 Rg6 13. Qd2 Qc7 14. Ng3 0-0-0 15. Nd1 Rh8 16. Ne3 Qd8 17. c5 d5 18. exd5 cxd5 19. Re1 Nd7 20. Nxd5 Bxc5 21. Ne3 Qh4 22. Nef1 Rxg3 23. Nxg3 Qxh2+ 24. Kf1 Bg4 25. Ne2 Bf3 26. Qg5 Qh1+ 27. Ng1 Rh2 0-1

[Event "Stuttgart-chA int"]
[White "Mijatovic, Vladimir"]
[Black "Kwossek, Georg"]
[Site "Ditzingen"]
[Round "5"]
[Result "1-0"]
[Date "2006.05.27"]
[WhiteElo "2213"]
[BlackElo "2065"]
[PlyCount "39"]
[EventDate "2006.05.25"]
[EventType "swiss"]
[EventRounds "7"]
[EventCountry "GER"]
[SourceTitle "EXT 2018"]
[Source "ChessBase"]
[SourceDate "2017.10.13"]
[SourceVersion "1"]
[SourceVersionDate "2017.10.13"]
[SourceQuality "1"]

1. e4 e5 2. Bc4 Nf6 3. d3 Nc6 4. Nc3 Bc5 5. f4 d6 6. Nf3 a6 7. a3 0-0 8. f5 b5 9. Bb3 h6 10. Qe2 Bb7 11. g4 Nxg4 12. Qg2 Ne3 13. Bxe3 Bxe3 14. f6 Bg5 15. Nxg5 hxg5 16. h4 g4 17. fxg7 Re8 18. Qxg4 Nd4 19. Qh5 Kxg7 20. Rg1+ 1-0

[Event "Stuttgart-chA int"]
[White "Sinkovics, Peter"]
[Black "Mijatovic, Vladimir"]
[Site "Ditzingen"]
[Round "6"]
[Result "1-0"]
[Date "2006.05.27"]
[WhiteElo "2324"]
[BlackElo "2213"]
[PlyCount "47"]
[EventDate "2006.05.25"]
[EventType "swiss"]
[EventRounds "7"]
[EventCountry "GER"]
[SourceTitle "EXT 2018"]
[Source "ChessBase"]
[SourceDate "2017.10.13"]
[SourceVersion "1"]
[SourceVersionDate "2017.10.13"]
[SourceQuality "1"]

1. d4 f5 2. Nc3 Nf6 3. Bg5 d5 4. e3 e6 5. Bd3 Bd6 6. f4 b6 7. Nf3 0-0 8. Ne5 Qe8 9. 0-0 a5 10. h3 Ba6 11. g4 Ne4 12. gxf5 Bxd3 13. cxd3 Nxg5 14. fxg5 exf5 15. Qf3 c6 16. Nxd5 Bxe5 17. dxe5 Qd8 18. Nf4 Qxg5+ 19. Kh2 Qe7 20. d4 Ra7 21. Rg1 Rc7 22. Rg3 Kh8 23. Rag1 g6 24. Rxg6 1-0

[Event "Stuttgart-chA int"]
[White "Reck, Moritz"]
[Black "Mijatovic, Vladimir"]
[Site "Ditzingen"]
[Round "4"]
[Result "1/2-1/2"]
[Date "2006.05.26"]
[WhiteElo "1904"]
[BlackElo "2213"]
[PlyCount "68"]
[EventDate "2006.05.25"]
[EventType "swiss"]
[EventRounds "7"]
[EventCountry "GER"]
[SourceTitle "EXT 2018"]
[Source "ChessBase"]
[SourceDate "2017.10.13"]
[SourceVersion "1"]
[SourceVersionDate "2017.10.13"]
[SourceQuality "1"]

1. g3 f5 2. Bg2 Nf6 3. d3 d6 4. Nc3 e5 5. e4 Nc6 6. f4 Be7 7. Nf3 0-0 8. 0-0 Be6 9. Ng5 Bd7 10. fxe5 Ng4 11. exf5 Ngxe5 12. Bd5+ Kh8 13. Qh5 Bxg5 14. Bxg5 Qe8 15. Qxe8 Raxe8 16. f6 h6 17. Bd2 Bh3 18. Bg2 Bxg2 19. Kxg2 Nd4 20. Ne4 d5 21. Nc5 b6 22. Nb3 Nxb3 23. axb3 Ng4 24. fxg7+ Kxg7 25. Bc3+ Kg6 26. Rxf8 Rxf8 27. Bd4 c5 28. h3 cxd4 29. hxg4 Rc8 30. Rc1 Kg5 31. Kh3 a5 32. c4 dxc3 33. bxc3 b5 34. c4 bxc4 1/2-1/2

[Event "Staufer op 18th"]
[White "Pitl, Gregory"]
[Black "Mijatovic, Vladimir"]
[Site "Schwaebisch Gmuend"]
[Round "9"]
[Result "1-0"]
[Date "2006.01.06"]
[WhiteElo "2339"]
[BlackElo "2160"]
[PlyCount "67"]
[EventDate "2006.01.02"]
[EventType "swiss"]
[EventRounds "9"]
[EventCountry "GER"]
[SourceTitle "EXT 2007"]
[Source "ChessBase"]
[SourceDate "2006.11.23"]
[SourceVersion "1"]
[SourceVersionDate "2006.11.23"]
[SourceQuality "1"]

1. e4 c5 2. Nf3 d6 3. d4 cxd4 4. Nxd4 Nf6 5. Nc3 a6 6. Bc4 e6 7. Bb3 Nbd7 8. Bg5 Nc5 9. f4 Be7 10. Qf3 Qc7 11. 0-0-0 b5 12. Bxf6 Nxb3+ 13. axb3 Bxf6 14. Nf5 exf5 15. Nd5 Qb7 16. Rhe1 0-0 17. Nxf6+ gxf6 18. Qg3+ Kh8 19. Qh4 Qe7 20. e5 Rg8 21. exd6 Qd8 22. Re7 Qf8 23. Qxf6+ Qg7 24. Qxg7+ Kxg7 25. d7 Bb7 26. d8Q Raxd8 27. Rxd8 Rxd8 28. Rxb7 Rd6 29. Rc7 Rh6 30. h3 Rg6 31. c4 Rxg2 32. c5 Rg3 33. c6 Rxh3 34. Rxf7+ 1-0

[Event "Staufer op 18th"]
[White "Schneider, Ilja"]
[Black "Mijatovic, Vladimir"]
[Site "Schwaebisch Gmuend"]
[Round "7"]
[Result "0-1"]
[Date "2006.01.05"]
[WhiteElo "2392"]
[BlackElo "2160"]
[PlyCount "114"]
[EventDate "2006.01.02"]
[EventType "swiss"]
[EventRounds "9"]
[EventCountry "GER"]
[SourceTitle "EXT 2007"]
[Source "ChessBase"]
[SourceDate "2006.11.23"]
[SourceVersion "1"]
[SourceVersionDate "2006.11.23"]
[SourceQuality "1"]

1. Nf3 f5 2. d3 d6 3. e4 e5 4. Nc3 Nf6 5. exf5 Bxf5 6. d4 e4 7. Nh4 Be6 8. d5 Bf7 9. Nf5 Qd7 10. Ng3 Bg6 11. Bb5 c6 12. Bc4 Qc7 13. 0-0 Nbd7 14. Ncxe4 Nxe4 15. Nxe4 Nb6 16. Bb3 0-0-0 17. Ng5 Re8 18. Ne6 Qd7 19. Be3 Bf7 20. a4 Nxd5 21. Bxd5 Bxe6 22. Bxe6 Rxe6 23. Bxa7 d5 24. Re1 Rg6 25. Qd3 Bd6 26. Bd4 Rf8 27. Be5 Bc5 28. Re2 Qg4 29. Bg3 h5 30. Qc3 Qxe2 31. Qxc5 Re8 32. Qa5 Re7 33. Qa8+ Kd7 34. Qxb7+ Ke8 35. Qb8+ Kf7 36. h4 Qxc2 37. a5 Qc5 38. a6 Ra7 39. Bc7 Rxa6 40. Rxa6 Qc1+ 41. Kh2 Qf1 42. Bg3 Qxa6 43. Qf4+ Kg8 44. Qf5 Rh6 45. Be5 Qb7 46. Qg5 Qd7 47. f4 d4 48. f5 d3 49. Bc3 Rd6 50. f6 d2 51. f7+ Qxf7 52. Bxd2 Qf6 53. Qxf6 Rxf6 54. Bc3 Re6 55. g3 Re2+ 56. Kh3 c5 57. g4 Re3+ 0-1

[Event "CRO-ch U20"]
[White "Mijatovic, Vladimir"]
[Black "Galic, Ivan"]
[Site "Bjelolasica"]
[Round "5"]
[Result "1-0"]
[Date "2005.08.17"]
[WhiteElo "2134"]
[BlackElo "2167"]
[PlyCount "95"]
[EventDate "2005.08.13"]
[EventType "swiss"]
[EventRounds "9"]
[EventCountry "CRO"]
[SourceTitle "EXT 2006"]
[Source "ChessBase"]
[SourceDate "2005.11.24"]
[SourceVersion "1"]
[SourceVersionDate "2005.11.24"]
[SourceQuality "1"]

1. e4 c5 2. Nf3 e6 3. d4 cxd4 4. Nxd4 a6 5. Nc3 Qc7 6. g3 b5 7. Bg2 Bb7 8. 0-0 Nf6 9. Re1 d6 10. a4 bxa4 11. Rxa4 Nbd7 12. Nb3 Bc6 13. Ra1 Be7 14. Na5 e5 15. Nxc6 Qxc6 16. Bg5 Qb7 17. Qd2 0-0 18. Bh3 h6 19. Bxd7 hxg5 20. Ba4 g6 21. Bb3 Ra7 22. Ra4 Kg7 23. Qe2 Bd8 24. Rd1 Bc7 25. Qc4 Nd7 26. Qd5 Nc5 27. Ra3 Qc8 28. Bc4 Bb8 29. b4 Ne6 30. Ne2 Nc7 31. Qd3 Rh8 32. Qf3 Ne8 33. Bd3 Nf6 34. Qg2 g4 35. Rda1 Nh7 36. Kh1 Ng5 37. Ng1 f5 38. f4 gxf3 39. Nxf3 Nh3 40. exf5 gxf5 41. Nh4 Ng5 42. Nxf5+ Kf6 43. Rf1 Ke6 44. Nd4+ Ke7 45. Bf5 Qc7 46. Nc6+ Ke8 47. Nxa7 Bxa7 48. Rxa6 1-0

[Event "GER-ch U18"]
[White "Mijatovic, Vladimir"]
[Black "Poysti, Nathanael Nicolai"]
[Site "Willingen"]
[Round "7"]
[Result "0-1"]
[Date "2005.05.19"]
[WhiteElo "2181"]
[BlackElo "2008"]
[PlyCount "150"]
[EventDate "2005.05.14"]
[EventType "swiss"]
[EventRounds "9"]
[EventCountry "GER"]
[SourceTitle "CBM 106 Extra"]
[Source "ChessBase"]
[SourceDate "2005.07.01"]
[SourceVersion "1"]
[SourceVersionDate "2005.07.01"]
[SourceQuality "1"]

1. e4 e6 2. Nf3 d5 3. Nc3 Nf6 4. e5 Nfd7 5. d4 c5 6. dxc5 Nc6 7. Bf4 Nxc5 8. Bd3 Be7 9. Bg3 0-0 10. 0-0 Bd7 11. Re1 Qb6 12. a3 Nxd3 13. Qxd3 Rac8 14. Ne2 Na5 15. b3 Bb5 16. Qd2 Bxe2 17. Rxe2 Rc7 18. Bf4 Rfc8 19. Be3 Qa6 20. Qd1 b5 21. Bd4 Nc6 22. Bb2 Qb6 23. Qd3 a5 24. Nd4 Nxd4 25. Bxd4 Bc5 26. Bb2 h6 27. Rf1 a4 28. b4 Bf8 29. Bd4 Qc6 30. c3 Qc4 31. Qe3 Qb3 32. Ra1 g6 33. f4 Be7 34. Kh1 Kg7 35. Qh3 h5 36. g4 Rxc3 37. Bxc3 Rxc3 38. Qg2 hxg4 39. Qxg4 d4 40. Rg2 Re3 41. Kg1 Qc3 42. Qd1 Bh4 43. Rc2 Qb3 44. Qxd4 Rd3 45. Qc5 Rf3 46. Rg2 Rxf4 47. Qxb5 Rc4 48. Kh1 Rc2 49. Rxc2 Qxc2 50. Qb7 Qe2 51. b5 Be1 52. Qg2 Qxe5 53. Rb1 Ba5 54. Qb2 Bc3 55. Qc2 Qd5+ 56. Qg2 Qd3 57. Rf1 Qxb5 58. Qf3 Qd5 59. Qxd5 exd5 60. Rf3 d4 61. Kg2 f5 62. Kf1 Kf6 63. Kf2 Ke5 64. Ke2 Bb2 65. Kd2 g5 66. Kc2 Bc3 67. Kd3 Kd5 68. h3 f4 69. Ke2 Ke4 70. Rd3 Bb2 71. Rf3 Bc1 72. Rd3 Be3 73. Rd1 f3+ 74. Kf1 d3 75. Rb1 d2 0-1

[Event "Wuerttemberg-ch U18"]
[White "Mijatovic, Vladimir"]
[Black "Andraschko, Felix"]
[Site "Friedrichshafen"]
[Round "6"]
[Result "1-0"]
[Date "2005.04.01"]
[WhiteElo "2147"]
[BlackElo "1758"]
[PlyCount "53"]
[EventDate "2005.03.29"]
[EventType "swiss"]
[EventRounds "7"]
[EventCountry "GER"]
[SourceTitle "EXT 2007"]
[Source "ChessBase"]
[SourceDate "2006.11.23"]
[SourceVersion "1"]
[SourceVersionDate "2006.11.23"]
[SourceQuality "1"]

1. e4 e6 2. Nf3 d5 3. Nc3 dxe4 4. Nxe4 Nd7 5. d4 Ngf6 6. Bd3 c5 7. 0-0 cxd4 8. Nxd4 Nxe4 9. Bxe4 Nf6 10. Bf3 Be7 11. Be3 0-0 12. Qd3 Qa5 13. Qb5 Qc7 14. Qb3 Rd8 15. Nb5 Qa5 16. Bf4 Ne8 17. Rad1 a6 18. Rxd8 Bxd8 19. Nd6 Nxd6 20. Bxd6 Bc7 21. Bxc7 Qxc7 22. Rd1 Rb8 23. Qd3 g6 24. h3 b5 25. Qd8+ Qxd8 26. Rxd8+ Kg7 27. Bc6 1-0

[Event "Staufer op 17th"]
[White "Janssen, Ruud"]
[Black "Mijatovic, Vladimir"]
[Site "Schwaebisch Gmuend"]
[Round "2"]
[Result "1-0"]
[Date "2005.01.02"]
[WhiteElo "2456"]
[BlackElo "2158"]
[PlyCount "69"]
[EventDate "2005.01.??"]
[EventType "swiss"]
[EventRounds "9"]
[EventCountry "GER"]
[SourceTitle "EXT 2008"]
[Source "ChessBase"]
[SourceDate "2007.11.25"]
[SourceVersion "1"]
[SourceVersionDate "2007.11.25"]
[SourceQuality "1"]

1. d4 f5 2. Nc3 Nf6 3. Bg5 d5 4. Bxf6 exf6 5. e3 Be6 6. Qf3 Qd7 7. Bb5 Nc6 8. Nge2 0-0-0 9. Nf4 Bf7 10. Nd3 g6 11. Na4 b6 12. a3 Kb7 13. Nc3 Qe6 14. 0-0 g5 15. Bxc6+ Kxc6 16. b4 Kb7 17. a4 a6 18. a5 b5 19. Ne2 h5 20. Nc5+ Bxc5 21. dxc5 Bg6 22. Nd4 Qe5 23. Qe2 c6 24. Qd3 Rdf8 25. f4 Qe7 26. Nxf5 Bxf5 27. Qxf5 g4 28. Rfe1 Re8 29. Rad1 Qe6 30. e4 Qxf5 31. exf5 Kc7 32. Kf2 Kd7 33. Kg3 Reg8 34. Kh4 g3 35. h3 1-0

[Event "Boeblingen op 21st"]
[White "Weise, Martin"]
[Black "Mijatovic, Vladimir"]
[Site "Boeblingen"]
[Round "9"]
[Result "1/2-1/2"]
[Date "2004.12.30"]
[WhiteElo "2198"]
[BlackElo "2147"]
[PlyCount "56"]
[EventDate "2004.12.26"]
[EventType "swiss"]
[EventRounds "9"]
[EventCountry "GER"]
[SourceTitle "CBM 104 Extra"]
[Source "ChessBase"]
[SourceDate "2005.03.01"]
[SourceVersion "1"]
[SourceVersionDate "2005.03.01"]
[SourceQuality "1"]

1. Nc3 c5 2. Nf3 Nf6 3. d4 cxd4 4. Nxd4 d6 5. e4 a6 6. Bc4 e6 7. Bb3 Nbd7 8. 0-0 Nc5 9. Qf3 Be7 10. Be3 0-0 11. Rad1 Qc7 12. Rfe1 Rb8 13. Bg5 b5 14. e5 dxe5 15. Nc6 Bb7 16. Nxe7+ Qxe7 17. Qg3 b4 18. Na4 Nce4 19. Qxe5 Nxg5 20. Qxg5 Rbc8 21. c3 bxc3 22. Nxc3 Rc5 23. Re5 h6 24. Qe3 Rfc8 25. Rxc5 Rxc5 26. Qd4 Nd5 27. Ne4 Rc8 28. Qe5 Rd8 1/2-1/2

[Event "GER-chT Lands U20"]
[White "Wehner, Janis"]
[Black "Mijatovic, Vladimir"]
[Site "Bad Sulza"]
[Round "3.2"]
[Result "0-1"]
[Date "2004.11.16"]
[WhiteElo "2186"]
[BlackElo "2147"]
[PlyCount "88"]
[EventDate "2004.11.15"]
[EventType "team-swiss"]
[EventRounds "7"]
[EventCountry "GER"]
[SourceTitle "EXT 2006"]
[Source "ChessBase"]
[SourceDate "2005.11.24"]
[SourceVersion "1"]
[SourceVersionDate "2005.11.24"]
[SourceQuality "1"]

1. e4 c5 2. Nf3 d6 3. Bb5+ Nd7 4. c3 Ngf6 5. Qe2 Qc7 6. 0-0 a6 7. Ba4 b5 8. Bc2 e5 9. Rd1 g6 10. d4 Bg7 11. a4 Rb8 12. axb5 axb5 13. h3 0-0 14. Be3 b4 15. dxe5 dxe5 16. Nbd2 Bb7 17. Qc4 Bc6 18. cxb4 Rxb4 19. Qc3 Nxe4 20. Nxe4 Bxe4 21. Bxe4 Rxe4 22. Rd5 Qb7 23. Rd2 Rc8 24. Qd3 Nf8 25. Rc1 Ne6 26. Ng5 Nxg5 27. Bxg5 Rd4 28. Qa3 Qd5 29. Rcd1 Ra8 30. Qg3 e4 31. Bf4 Rd8 32. Be3 Rd3 33. Qc7 c4 34. Rxd3 cxd3 35. b4 Be5 36. Qe7 Rb8 37. Bc5 Bd4 38. Qc7 Rd8 39. Bxd4 Qxd4 40. b5 Rd7 41. Qc8+ Rd8 42. Qc7 Rd6 43. Qe7 Kg7 44. Qh4 Qa4 0-1

[Event "CRO-chT U20 13th"]
[White "Mijatovic, Vladimir"]
[Black "Sipic, Hrvoje"]
[Site "Rabac"]
[Round "2"]
[Result "0-1"]
[Date "2004.09.06"]
[WhiteElo "2158"]
[BlackElo "2163"]
[PlyCount "68"]
[EventDate "2004.09.05"]
[EventType "team-tourn"]
[EventRounds "9"]
[EventCountry "CRO"]
[SourceTitle "CBM 102 Extra"]
[Source "ChessBase"]
[SourceDate "2004.11.03"]
[SourceVersion "1"]
[SourceVersionDate "2004.11.03"]
[SourceQuality "1"]

1. e4 c5 2. Nf3 d6 3. d4 cxd4 4. Nxd4 Nf6 5. Nc3 g6 6. Be3 Bg7 7. f3 Nc6 8. Qd2 0-0 9. Bc4 Bd7 10. 0-0-0 Rc8 11. Bb3 Ne5 12. h4 h5 13. Bh6 Bxh6 14. Qxh6 Rxc3 15. bxc3 Qc7 16. Kb1 a5 17. a4 Qxc3 18. Ne2 Qc5 19. Nf4 e6 20. g4 Bxa4 21. Bxa4 Qb4+ 22. Bb3 a4 23. Nd3 Qb6 24. Nxe5 dxe5 25. Rd3 axb3 26. Rxb3 Qa5 27. Qc1 Ra8 28. Qb2 hxg4 29. Rb5 Qa3 30. Rxe5 Qxf3 31. Re1 g3 32. Qxb7 Rd8 33. Rg5 g2 34. Qc7 Rd1+ 0-1

[Event "EU-ch U16"]
[White "Braun, Arik"]
[Black "Mijatovic, Vladimir"]
[Site "Urgup"]
[Round "1"]
[Result "1/2-1/2"]
[Date "2004.07.??"]
[WhiteElo "2473"]
[BlackElo "2158"]
[PlyCount "143"]
[EventDate "2004.08.??"]
[EventType "swiss"]
[EventRounds "9"]
[EventCountry "TUR"]
[SourceTitle "EXT 2005"]
[Source "ChessBase"]
[SourceDate "2004.11.15"]
[SourceVersion "1"]
[SourceVersionDate "2004.11.15"]
[SourceQuality "1"]

1. d4 f5 2. g3 Nf6 3. Bg2 g6 4. c3 Bg7 5. Qb3 d5 6. Nf3 0-0 7. Bf4 Nbd7 8. Ne5 Nb6 9. Nd2 Be6 10. 0-0 Nh5 11. Nd3 Nxf4 12. Nxf4 Bf7 13. Nf3 Qd6 14. Nd3 Nc4 15. Rfd1 c6 16. Qc2 e5 17. dxe5 Nxe5 18. Nfxe5 Bxe5 19. Nxe5 Qxe5 20. Rd4 Rae8 21. e3 g5 22. Qa4 a6 23. Qb4 Re7 24. a4 Bg6 25. a5 Ref7 26. Rd2 f4 27. Re1 h5 28. Qd4 Qe6 29. c4 f3 30. Bf1 Be4 31. h3 Rd8 32. b4 Bf5 33. Kh2 Be4 34. Qb6 Qd6 35. Kg1 Qc7 36. Qc5 Qd6 37. Qb6 Qc7 38. Qd4 Qe7 39. Qc3 Qf6 40. Rd4 Kg7 41. Qd2 Rfd7 42. Rd1 Qe5 43. Bd3 Bf5 44. Bxf5 Qxf5 45. Kh2 Qe5 46. e4 h4 47. Rg1 Rd6 48. exd5 Rh6 49. Kh1 hxg3 50. Rxg3 Rdh8 51. Qxg5+ Qxg5 52. Rxg5+ Kf6 53. Rg3 Rxh3+ 54. Rxh3 Rxh3+ 55. Kg1 Ke5 56. Rd3 cxd5 57. Rxd5+ Ke6 58. Rd4 Ke5 59. Rd7 Rh4 60. Rxb7 Rxc4 61. Kh2 Rg4 62. Kh3 Rg5 63. Re7+ Kf4 64. Rf7+ Ke4 65. Rf6 Rg2 66. Rxa6 Rxf2 67. Rc6 Rb2 68. a6 f2 69. Kg2 Rxb4 70. a7 f1Q+ 71. Kxf1 Rb1+ 72. Kg2 1/2-1/2

[Event "Liechtenstein op 22nd"]
[White "Mijatovic, Vladimir"]
[Black "Grunberg, Florin"]
[Site "Triesen"]
[Round "3"]
[Result "1/2-1/2"]
[Date "2004.05.16"]
[WhiteElo "2129"]
[BlackElo "2270"]
[PlyCount "57"]
[EventDate "2004.05.14"]
[EventType "swiss"]
[EventRounds "9"]
[EventCountry "LIE"]
[SourceTitle "CBM 100 Extra"]
[Source "ChessBase"]
[SourceDate "2004.07.06"]
[SourceVersion "2"]
[SourceVersionDate "2004.07.06"]
[SourceQuality "1"]

1. e4 Nf6 2. e5 Nd5 3. d4 d6 4. Nf3 dxe5 5. Nxe5 c6 6. Be2 Bf5 7. 0-0 e6 8. c3 Nd7 9. Nd2 Nxe5 10. dxe5 Nf4 11. Bf3 Nd3 12. Nc4 Qc7 13. Qe2 Rd8 14. Rd1 b5 15. Ne3 Bg6 16. Nf1 Bc5 17. Be3 Bxe3 18. Qxe3 0-0 19. a4 Nxe5 20. Rxd8 Nxf3+ 21. gxf3 Rxd8 22. axb5 cxb5 23. Rxa7 Qc6 24. Ng3 Rd1+ 25. Kg2 h6 26. Qe5 Rd3 27. Ne4 Rd5 28. Qb8+ Kh7 29. Rc7 1/2-1/2

[Event "Liechtenstein op 22nd"]
[White "Afek, Yochanan"]
[Black "Mijatovic, Vladimir"]
[Site "Triesen"]
[Round "2"]
[Result "1/2-1/2"]
[Date "2004.05.15"]
[WhiteElo "2338"]
[BlackElo "2129"]
[PlyCount "124"]
[EventDate "2004.05.14"]
[EventType "swiss"]
[EventRounds "9"]
[EventCountry "LIE"]
[SourceTitle "CBM 100 Extra"]
[Source "ChessBase"]
[SourceDate "2004.07.06"]
[SourceVersion "2"]
[SourceVersionDate "2004.07.06"]
[SourceQuality "1"]

1. e4 c5 2. Nc3 Nc6 3. Nge2 g6 4. d4 cxd4 5. Nxd4 Bg7 6. Be3 Nf6 7. Bc4 0-0 8. Bb3 d6 9. f3 Bd7 10. Qd2 Rc8 11. h4 Re8 12. 0-0-0 Ne5 13. Bh6 Bh8 14. h5 Nxh5 15. g4 Nf6 16. Nd5 Nc4 17. Qh2 e6 18. Ne3 b5 19. Bxc4 bxc4 20. Qxd6 c3 21. g5 Nh5 22. Ng4 cxb2+ 23. Kb1 e5 24. Nb3 Bxg4 25. fxg4 Nf4 26. Kxb2 Qc7 27. Qxc7 Rxc7 28. Rh2 Rec8 29. Rhd2 Ne6 30. Rc1 Bg7 31. Rd5 Bh8 32. c3 Rc4 33. Nd2 R4c7 34. c4 Nc5 35. Rd1 Na4+ 36. Kc2 Nb6 37. Kd3 Nxc4 38. Ke2 Nb2 39. Rf1 Na4 40. Ra5 Nc3+ 41. Ke3 Rb8 42. Ra3 Rb4 43. Rc1 Nd5+ 44. exd5 Rxc1 45. Rxa7 Rc3+ 46. Ke2 Rc8 47. Rd7 Bg7 48. d6 Bf8 49. Ke3 f5 50. gxf5 gxf5 51. Rc7 Rd8 52. Bxf8 Rxf8 53. Nc4 f4+ 54. Kf3 e4+ 55. Kf2 f3 56. d7 Rb1 57. Nd2 Rb2 58. Ke3 f2 59. Rc1 Rxa2 60. Nxe4 Ra3+ 61. Kd4 Rd8 62. Nf6+ Kf7 1/2-1/2